| 000 | 00328nam a2200121Ia 4500 | ||
|---|---|---|---|
| 008 | 191014s9999 xx 000 0 und d | ||
| 082 |
_a338.5 _bKOU |
||
| 100 |
_aA. Koutsoyiannis _924001 |
||
| 245 | 0 | _aModern Microeconomics 2nd Edition | |
| 260 |
_aPakistan _bNational Books Fundation _c2006 |
||
| 300 | _aXvii,581 | ||
| 942 | _cBK | ||
| 999 |
_c531265 _d531265 |
||